|
|
|
|
| LEADER |
00000cam a2200000 7i4500 |
| 001 |
0000001294 |
| 005 |
20140405.0 |
| 090 |
0 |
0 |
|a R THE634.973763
|b DAU 1977
|
| 100 |
0 |
0 |
|a DAUD Khamis
|
| 245 |
1 |
0 |
|a Progress of natural regeneration after final felling under the current silvicultural practices in mangrove forests
|c Daud Khamis
|
| 260 |
0 |
0 |
|a Serdang, Selangor :
|b Universiti Pertanian Malaysia ,
|c 1977
|
| 300 |
|
|
|a viii, 87 p. :
|b maps ;
|c 28 cm.
|
| 500 |
0 |
0 |
|a Bachelor of Science (Forestry) - Universiti Pertanian Malaysia, 1977
|
| 500 |
0 |
0 |
|a Bibliography : [p. 79-80]
|
| 650 |
0 |
0 |
|a Mangrove forests
|x Management
|
| 998 |
|
|
|a JPSM
|
| 999 |
|
|
|a 0000002226
|b Monograph
|c Thesis
|e Default branch
|